000 00693nam a2200229Ia 4500
003 OSt
005 20220925222210.0
006 a|||||r|||| 00| 0
007 ta
008 220923b |||||||| |||| 00| 0 eng d
037 _cGeneral Book
040 _aRTL
_cRTL
_beng
041 _2eng
_aeng
082 _aU.247.N5, J3
100 _aPithawalla Maneck B
245 0 _aIntroduciton to Kashmir
_b Its geology and geography
260 _aLondon
_bOxford University Press UK
_c1953
300 _axiii, 128p. Bib p. 127-28,Appendix p. 123-26
_ccm.
650 _aIndian Geography
942 _hU.247.N5, J3
_cGB
_2CC
999 _c576378
_d576378